[Event "POL-chT 2nd League"]
[Site "Lublin"]
[Date "2006.09.03"]
[Round "2.71"]
[White "Mensfel, Roman"]
[Black "Fiedler, Marek"]
[Result "1/2-1/2"]
[WhiteElo "1956"]
[BlackElo "2015"]
[PlyCount "50"]
[EventDate "2006.09.02"]
[EventType "team-swiss"]
[EventRounds "9"]
[EventCountry "POL"]
[SourceTitle "EXT 2019"]
[Source "ChessBase"]
[SourceDate "2018.10.10"]
[SourceVersion "1"]
[SourceVersionDate "2018.10.10"]
[SourceQuality "1"]
[WhiteTeam "Poznan Polan"]
[BlackTeam "Lodz Szach Centrum"]
[WhiteTeamCountry "POL"]
[BlackTeamCountry "POL"]

1. e4 c6 2. d4 d5 3. Nd2 dxe4 4. Nxe4 Bf5 5. Ng3 Bg6 6. Nf3 Nd7 7. Bd3 Bxd3 8. Qxd3 Qc7 9. 0-0 Ngf6 10. c4 e6 11. Re1 Bb4 12. Bd2 Bxd2 13. Qxd2 0-0 14. b4 Rfd8 15. Qc2 Rac8 16. a4 a5 17. bxa5 Qxa5 18. Reb1 b6 19. Qd2 Ne5 20. Qxa5 Nxf3+ 21. gxf3 bxa5 22. Ne2 Rb8 23. Kf1 Kf8 24. Ke1 Ke7 25. Kd2 Kd7 1/2-1/2

[Event "POL-chT 2nd League"]
[Site "Wysowa"]
[Date "2005.09.04"]
[Round "9.94"]
[White "Staroszczyk, Mateusz"]
[Black "Fiedler, Marek"]
[Result "1-0"]
[WhiteElo "1977"]
[BlackElo "2048"]
[PlyCount "95"]
[EventDate "2005.08.27"]
[EventType "team-swiss"]
[EventRounds "9"]
[EventCountry "POL"]
[SourceTitle "EXT 2019"]
[Source "ChessBase"]
[SourceDate "2018.10.10"]
[SourceVersion "1"]
[SourceVersionDate "2018.10.10"]
[SourceQuality "1"]
[WhiteTeam "Zielonka Zieloni"]
[BlackTeam "Lodz Szach Centrum"]
[WhiteTeamCountry "POL"]
[BlackTeamCountry "POL"]

1. e4 c6 2. d4 d5 3. e5 Bf5 4. Bd3 Bxd3 5. Qxd3 e6 6. Ne2 c5 7. c3 Nc6 8. 0-0 g6 9. Nd2 Qb6 10. Nf3 h5 11. dxc5 Bxc5 12. b4 Be7 13. Ned4 Nxd4 14. Nxd4 Rc8 15. Be3 Qd8 16. Nxe6 fxe6 17. Qxg6+ Kd7 18. Qg7 Nh6 19. Bxh6 Rxc3 20. Rac1 Rxc1 21. Rxc1 Qg8 22. Qxg8 Rxg8 23. Bd2 Rf8 24. f4 a6 25. g3 Rg8 26. Kf2 h4 27. Kf3 hxg3 28. hxg3 Rh8 29. Kg2 Rg8 30. a3 a5 31. bxa5 Bxa3 32. Rc2 Rg6 33. Kf3 Rg8 34. Be3 Rc8 35. Rxc8 Kxc8 36. g4 Bb4 37. Bb6 Bc3 38. g5 Kd7 39. g6 Ke8 40. Bc5 Bxa5 41. Kg4 Bc3 42. Kg5 Bd2 43. Kf6 Bxf4 44. Kxe6 Bh6 45. Kf6 d4 46. Bxd4 Kf8 47. Bc5+ Kg8 48. e6 1-0

[Event "POL-chT 2nd League"]
[Site "Wysowa"]
[Date "2005.09.01"]
[Round "6.94"]
[White "Fiedler, Marek"]
[Black "Krzywda, Andrzej"]
[Result "0-1"]
[WhiteElo "2048"]
[BlackElo "2138"]
[PlyCount "87"]
[EventDate "2005.08.27"]
[EventType "team-swiss"]
[EventRounds "9"]
[EventCountry "POL"]
[SourceTitle "EXT 2019"]
[Source "ChessBase"]
[SourceDate "2018.10.10"]
[SourceVersion "1"]
[SourceVersionDate "2018.10.10"]
[SourceQuality "1"]
[WhiteTeam "Lodz Szach Centrum"]
[BlackTeam "Chroscice LZS Victoria"]
[WhiteTeamCountry "POL"]
[BlackTeamCountry "POL"]

1. e4 c5 2. Nc3 Nc6 3. g3 g6 4. Bg2 Bg7 5. d3 d6 6. Be3 e5 7. Nge2 Nge7 8. Qd2 0-0 9. h4 h5 10. Bh6 Nd4 11. Bxg7 Kxg7 12. f3 Be6 13. 0-0 Qd7 14. Kh2 Rad8 15. f4 Bg4 16. Ng1 f5 17. Nh3 fxe4 18. Nxe4 Nec6 19. c3 Ne6 20. Nhg5 exf4 21. Nxe6+ Qxe6 22. Rxf4 Rxf4 23. Qxf4 Ne5 24. Ng5 Qe7 25. Qd2 Bf5 26. d4 Ng4+ 27. Kg1 Re8 28. dxc5 dxc5 29. Rf1 Qe5 30. Qf4 Qxf4 31. Rxf4 Re1+ 32. Rf1 Re2 33. Bxb7 Rxb2 34. Bc6 Rxa2 35. Re1 Ra3 36. Re7+ Kf6 37. Re8 a5 38. Nh7+ Kf7 39. Ng5+ Kg7 40. Ra8 Rxc3 41. Rxa5 Rxg3+ 42. Kf1 c4 43. Rc5 Re3 44. Nf3 0-1

[Event "POL-chT 2nd League"]
[Site "Wysowa"]
[Date "2005.08.29"]
[Round "3.88"]
[White "Fiedler, Marek"]
[Black "Plicner, Adam"]
[Result "0-1"]
[WhiteElo "2048"]
[BlackElo "2068"]
[PlyCount "109"]
[EventDate "2005.08.27"]
[EventType "team-swiss"]
[EventRounds "9"]
[EventCountry "POL"]
[SourceTitle "EXT 2019"]
[Source "ChessBase"]
[SourceDate "2018.10.10"]
[SourceVersion "1"]
[SourceVersionDate "2018.10.10"]
[SourceQuality "1"]
[WhiteTeam "Lodz Szach Centrum"]
[BlackTeam "Kielce Fart"]
[WhiteTeamCountry "POL"]
[BlackTeamCountry "POL"]

1. e4 c5 2. Nc3 Nc6 3. g3 g6 4. Bg2 Bg7 5. d3 e6 6. Nge2 Nge7 7. Be3 Nd4 8. Qd2 d5 9. Bg5 Nxe2 10. Nxe2 0-0 11. 0-0 d4 12. g4 f6 13. Bh6 e5 14. h3 g5 15. Bxg7 Kxg7 16. Ng3 Qb6 17. c4 Ng6 18. Nh5+ Kf7 19. a3 a5 20. b4 axb4 21. axb4 Rxa1 22. Rxa1 cxb4 23. Ra4 Bd7 24. Rxb4 Qa5 25. Qb2 Bc6 26. c5 Qa7 27. Qb3+ Ke7 28. Ng7 Nf4 29. Nf5+ Kd7 30. Bf1 Qxc5 31. Rxb7+ Bxb7 32. Qxb7+ Qc7 33. Qb4 Re8 34. Qa4+ Kd8 35. Qa8+ Qc8 36. Qa5+ Kd7 37. Qa7+ Qc7 38. Qa4+ Qc6 39. Qa7+ Kd8 40. Qa5+ Kc8 41. Qa3 Kb8 42. Qb4+ Kc7 43. Qa3 Re6 44. Ng7 Rd6 45. Nf5 Rd7 46. Qa7+ Qb7 47. Qc5+ Kb8 48. Nd6 Qa6 49. Nb5 Ne6 50. Qc4 Rb7 51. Na3 Qxc4 52. Nxc4 Kc7 53. f3 Nf4 54. Kf2 Ra7 55. Kg1 0-1